Où est Charlie? - Statistiques

Statistiques générales
  • Ce quiz a été pris 60 fois
  • Le résultat moyen est 9 sur 48
Statistiques - réponses
Question Réponse % Correct
Personnage Charlie
96%
Couleur du gilet Rouge
80%
Couleur du gilet Blanc
76%
Nombre rayures rouges sur sa queue 5
35%
Équipement livre 1 Canne
35%
Objet que Pouah brandit «comédie musicale» Canne
35%
Couleur du gilet Jaune
33%
Objet Os
27%
Personnage Ouaf
27%
On ne voit que... Sa queue
27%
Couleur du gilet Noir
25%
Objet Jumelles
24%
Équipement livre 1 Jumelles
24%
Objet Appareil photo
22%
Équipement livre 1 Appareil photo
22%
Personnage Blanchebarbe
20%
Personnage Félicie
20%
Personnage Pouah
20%
Objet à chaque page livre 2 Livre
18%
Livre 1 Où est Charlie
18%
Profession Mage
15%
Nombre de fans 25
13%
Nombre portraits expo 1 30
13%
Objet Parchemin
13%
Objet à chaque page livre 3 Parchemin
13%
Nombre drapeaux pays «une fête phénoménale» 18
11%
Livre 4 À Hollywood
9%
Objet Clef
9%
Livre 2 Charlie remonte le temps / remonte le temps
7%
Ce que Charlie a perdu «au pays des Charlie» Chaussure
7%
Côté chapeau replié Blanchebarbe «comédie musicale» Gauche
7%
Livre 6 La grande expo
7%
Livre 7 Le carnet secret
7%
Livre 3 Le voyage fantastique
7%
Équipement livre 1 Sac à dos
7%
Objet à chaque page livre 4 Bobine de film
5%
Ce que Charlie donne à Ouaf à la «comédie musicale» Cadeau
5%
Livre 5 Le livre magique
5%
L'un d'eux a perdu... Le pompon de son chapeau
5%
Objet à chaque page livre 7 Page du carnet
5%
Équipement livre 1 Masque et tuba
4%
Équipement livre 1 Tasse
4%
Équipement livre 1 Bouilloire
2%
Équipement livre 1 Duvet
2%
Équipement livre 1 Maillet
2%
Équipement livre 1 Ceinture
0%
Équipement livre 1 Pelle
0%
Équipement livre 1 Sacoche
0%
Aucun quiz correspondant
Distribution des résultats
% des personnes avec chaque résultat
Percentile par nombre de réponses
Votre historique - résultats
Vous n’avez pas pris ce quiz